| 000 | 00541pab a2200193 454500 | ||
|---|---|---|---|
| 008 | 180718b2007 xxu||||| |||| 00| 0 eng d | ||
| 100 | _aSharma, Rajiv | ||
| 245 | _aMeasurement of GDP of services sector in the new series of national accounts statistics | ||
| 260 | _c2007 | ||
| 300 | _ap.3727-731. | ||
| 362 | _a15 Sep | ||
| 650 | _aService industries - India | ||
| 650 | _aService industries | ||
| 700 | _aChitkara, Sunita | ||
| 700 | _aHazra, Suvendu | ||
| 773 | _aEconomic and Political Weekly | ||
| 908 | _aN | ||
| 909 | _a75893 | ||
| 999 |
_c75893 _d75893 |
||